Dopad demografických zmien na mobilitu obyvateľstva vo vybranom regióne Slovenska diplomová práca

Salvato in:
Dettagli Bibliografici
Autore principale: Štefanovič, Daniel
Ente Autore: Národohospodárska fakulta EU. Katedra verejnej správy a regionálneho rozvoja
Altri autori: Pástor, Rudolf
Natura: Libro
Lingua:slovacco
Pubblicazione: Bratislava 2017
Tags: Aggiungi Tag
Nessun Tag, puoi essere il primo ad aggiungerne!!

MARC

LEADER 00000nbm a2200000 4500
001 0236895
005 20180620065542.8
041 0 |a slo 
044 |a SK 
245 1 0 |a Dopad demografických zmien na mobilitu obyvateľstva vo vybranom regióne Slovenska  |b diplomová práca  |c Daniel Štefanovič ; školiteľ: Rudolf Pástor 
264 1 |a Bratislava  |c 2017 
300 |a 73 s. 
100 1 |a Štefanovič, Daniel 
700 1 |a Pástor, Rudolf 
710 2 |a Národohospodárska fakulta EU. Katedra verejnej správy a regionálneho rozvoja